000 00443nam a2200181Ia 4500
008 230524s9999 xx 000 0 und d
020 _a8177583921
082 _a629.84
_bKAL
100 _aRavi Kalakota
245 0 _aFrontiers of Electronics Commerce
250 _a11TH
260 _aNEW DELHI
_bPearson
_c2003
300 _aXIV;817
500 _aQuantity Number: 7
650 _aComp-Sc
700 _a Andrew B.Whnnston
942 _cBK
999 _c28890
_d28890